[Event "33. Seebach-Open"]
[Site "Grossenseebach"]
[Date "2024.06.02"]
[Round "7.32"]
[White "Steiner, Tizian"]
[Black "Waschner, Richard"]
[Result "1-0"]
[WhiteElo "1875"]
[BlackElo "1638"]
[PlyCount "115"]
[EventDate "2024.??.??"]
[WhiteTeam "SC 1868 Bamberg"]
[BlackTeam "Spvg Zabo-Eintracht Nürnberg e.V"]

1. e4 c6 2. g3 d5 3. Nc3 dxe4 4. Nxe4 Nf6 5. Nxf6+ exf6 6. Bg2 Bd6 7. d4 O-O 8.
Ne2 Re8 9. O-O Nd7 10. Bf4 Nf8 11. Re1 Bxf4 12. Nxf4 Rxe1+ 13. Qxe1 Qxd4 14.
Rd1 Qe5 15. Qb4 a5 16. Qb6 Qe7 17. Rd8 Qe1+ 18. Bf1 Qe7 19. Qd4 h6 20. Bd3 c5
21. Qd6 Qxd6 22. Rxd6 Ne6 23. Nd5 Kf8 24. f4 g6 25. g4 Kg7 26. f5 Nd4 27. Rd8
Nc6 28. Re8 Rb8 29. Ne7 Nxe7 30. Rxe7 Kf8 31. Rc7 gxf5 32. gxf5 b6 33. Bc4 Bxf5
34. Rxf7+ Ke8 35. Rxf6 Bxc2 36. Rxh6 Ke7 37. h4 b5 38. Be2 c4 39. Kf2 Bd3 40.
Bxd3 cxd3 41. Ke3 Rd8 42. Kd2 Rd5 43. Rg6 Rh5 44. Rg4 Kd6 45. Kxd3 Ke6 46. Ke3
Rc5 47. Rg2 b4 48. Rh2 Rh5 49. Kf4 Kd5 50. Kg4 Re5 51. h5 Re8 52. h6 Rh8 53.
Kf5 Kc4 54. h7 a4 55. Kg6 Kd3 56. Kg7 Ra8 57. h8=Q Rxh8 58. Kxh8 1-0

[Event "33. Seebach-Open"]
[Site "Grossenseebach"]
[Date "2024.06.02"]
[Round "7.34"]
[White "Dreyer, Andre"]
[Black "Kuhlemann, Claus"]
[Result "1/2-1/2"]
[WhiteElo "1832"]
[BlackElo "1632"]
[PlyCount "39"]
[EventDate "2024.??.??"]
[WhiteTeam "SV Stockenhausen-Frommern"]
[BlackTeam "SV Memmelsdorf"]

1. d4 b6 2. Nf3 Bb7 3. c4 e6 4. Nc3 Nf6 5. Bg5 Be7 6. e3 d5 7. Be2 O-O 8. O-O
dxc4 9. Bxc4 Ne4 10. Bxe7 Qxe7 11. Nxe4 Bxe4 12. Bd3 Bb7 13. Rc1 Rc8 14. Qe2 c5
15. Rc3 Nd7 16. Rfc1 Rc7 17. dxc5 Rxc5 18. Rxc5 Nxc5 19. Bb1 Rd8 20. b4 1/2-1/2

[Event "33. Seebach-Open"]
[Site "Grossenseebach"]
[Date "2024.06.02"]
[Round "7.35"]
[White "Zagrada, Halil"]
[Black "Faust, Bernhard"]
[Result "0-1"]
[WhiteElo "1632"]
[BlackElo "1818"]
[PlyCount "64"]
[EventDate "2024.??.??"]
[WhiteTeam "BSG Wöhrlhaus Erlangen"]
[BlackTeam "SK Rothenburg e.V."]

1. d4 e6 2. e3 b6 3. Bd3 Bb7 4. Nf3 f5 5. O-O Nf6 6. Nbd2 Be7 7. b3 O-O 8. Bb2
Qe8 9. h3 Qg6 10. Qe1 d6 11. Nh4 Qh6 12. f4 Nbd7 13. Nhf3 Ne4 14. Bxe4 fxe4 15.
Nh2 Ba6 16. c4 d5 17. Qc1 Rf7 18. Ng4 Qg6 19. Ne5 Nxe5 20. dxe5 c5 21. Qd1 Rd8
22. Qg4 Qxg4 23. hxg4 dxc4 24. Nxe4 cxb3 25. axb3 Bxf1 26. Kxf1 Bf8 27. Ke2 h6
28. g5 Kh7 29. g4 Kg6 30. gxh6 gxh6 31. g5 Kf5 32. gxh6 Kxe4 0-1

[Event "33. Seebach-Open"]
[Site "Grossenseebach"]
[Date "2024.06.02"]
[Round "7.36"]
[White "Llugiq, Bajram"]
[Black "Averkova, Mariia"]
[Result "1-0"]
[WhiteElo "1816"]
[BlackElo "1615"]
[PlyCount "129"]
[EventDate "2024.??.??"]
[WhiteTeam "SC Schwarz-Weiß Nürnberg Süd e.V"]
[BlackTeam "SC 1868 Bamberg"]

1. d4 d5 2. Nf3 Nf6 3. c4 e6 4. cxd5 exd5 5. Nc3 Be7 6. e3 O-O 7. Bd3 b6 8. O-O
Bb7 9. Qc2 Nbd7 10. Ne5 c5 11. Bf5 g6 12. Nxd7 Nxd7 13. Bg4 Nf6 14. Bf3 c4 15.
Rb1 Bc8 16. b3 Bf5 17. e4 dxe4 18. Nxe4 Qxd4 19. Bb2 Bxe4 20. Bxd4 Bxc2 21.
Rbc1 Bd3 22. Rfe1 Rad8 23. Bxb6 Ba3 24. Bxd8 Bxc1 25. Bxf6 Ba3 26. Bd5 cxb3 27.
Bxb3 h5 28. h4 Rc8 29. Re3 Rc1+ 30. Kh2 Bd6+ 31. g3 Bb5 32. Bd5 Rc8 33. Bd4 Bc5
34. Rc3 Bxd4 35. Rxc8+ Kg7 36. Kg2 Bb6 37. Bc6 Bxc6+ 38. Rxc6 Kf8 39. f3 Ke7
40. g4 hxg4 41. fxg4 Kd7 42. Rf6 Ke7 43. Rf3 Kf8 44. h5 Kg7 45. hxg6 Kxg6 46.
Rf5 f6 47. Kf3 Bd4 48. a4 Bg1 49. Ke4 Bb6 50. Kd5 Bg1 51. Kc6 Bb6 52. a5 Be3
53. Kd6 Bg1 54. Rd5 Be3 55. Ke6 Bf2 56. Rb5 Be3 57. a6 Bf2 58. Rb8 Kg7 59. Kf5
Bd4 60. Rd8 Bf2 61. Rd7+ Kh6 62. Kxf6 Bh4+ 63. Kf5 Bf2 64. g5+ Kh5 65. Rh7# 1-0

[Event "33. Seebach-Open"]
[Site "Grossenseebach"]
[Date "2024.06.02"]
[Round "7.37"]
[White "Basel, Moritz"]
[Black "Frysztacki, Marco"]
[Result "1/2-1/2"]
[WhiteElo "1810"]
[BlackElo "1605"]
[PlyCount "32"]
[EventDate "2024.??.??"]
[WhiteTeam "SC Kitzingen von 1905"]
[BlackTeam "SV Lauf a.d.P."]

1. e4 e5 2. Bc4 Nf6 3. d4 Nxe4 4. dxe5 d5 5. Qxd5 Qxd5 6. Bxd5 Nc5 7. Be3 c6 8.
Bc4 Bf5 9. c3 Nbd7 10. Nf3 Nb6 11. Be2 O-O-O 12. O-O Nd3 13. Nd4 Bg6 14. f4 Nd5
15. Bd2 Be4 16. b4 N5xb4 1/2-1/2

[Event "33. Seebach-Open"]
[Site "Grossenseebach"]
[Date "2024.06.02"]
[Round "7.38"]
[White "Wolf, Moritz"]
[Black "Vaas, Andreas"]
[Result "1-0"]
[WhiteElo "1601"]
[BlackElo "1804"]
[PlyCount "41"]
[EventDate "2024.??.??"]
[WhiteTeam "TSV Cadolzburg e.V."]
[BlackTeam "SK Dinkelsbühl e.V."]

1. e4 Nf6 2. Nc3 d5 3. exd5 Nxd5 4. d4 Nxc3 5. bxc3 g6 6. Bc4 Bg7 7. Nf3 O-O 8.
O-O b6 9. Qe2 Bb7 10. Bg5 Re8 11. Rfe1 Nc6 12. Rad1 Na5 13. Bxf7+ Kxf7 14. Qe6+
Kf8 15. Ne5 Bxe5 16. Qxe5 Kf7 17. Bh6 Rg8 18. Qe6+ Ke8 19. Qxg8+ Kd7 20. Qe6+
Ke8 21. Re5 1-0

[Event "33. Seebach-Open"]
[Site "Grossenseebach"]
[Date "2024.06.02"]
[Round "7.39"]
[White "Poelsterl, Hans"]
[Black "Wallrab, Armin"]
[Result "0-1"]
[WhiteElo "1798"]
[BlackElo "1598"]
[PlyCount "56"]
[EventDate "2024.??.??"]
[WhiteTeam "SK Nürnberg 1911 e.V."]
[BlackTeam "SV Ilmmünster"]

1. c4 Nf6 2. Nc3 g6 3. g3 Bg7 4. Bg2 O-O 5. e4 d6 6. Nge2 e5 7. d3 Nbd7 8. h3
c6 9. Bg5 h6 10. Be3 a6 11. Qd2 Kh7 12. f4 b5 13. b3 exf4 14. Bxf4 b4 15. Na4
Nxe4 16. Bxe4 Bxa1 17. Bxc6 Ra7 18. Bxd6 Re8 19. O-O Bg7 20. Rxf7 Ne5 21. Rxa7
Nxc6 22. Rxg7+ Kxg7 23. Bf4 g5 24. Be3 Qe7 25. Kf2 Bxh3 26. g4 Bxg4 27. Bd4+
Nxd4 28. Nxd4 Qf6+ 0-1

[Event "33. Seebach-Open"]
[Site "Grossenseebach"]
[Date "2024.06.02"]
[Round "7.40"]
[White "Gomer, Thomas"]
[Black "Schuetz, Robert"]
[Result "1/2-1/2"]
[WhiteElo "1764"]
[BlackElo "1592"]
[PlyCount "59"]
[EventDate "2024.??.??"]
[WhiteTeam "SV Balingen"]
[BlackTeam "TSV Kirchehrenbach"]

1. d4 d5 2. Nc3 Nf6 3. Bf4 c5 4. e4 a6 5. Nxd5 Nxd5 6. exd5 Qxd5 7. dxc5 Qxc5
8. Qd2 Nc6 9. Nf3 Bf5 10. c3 Rd8 11. Qe3 e6 12. Be2 Be7 13. O-O O-O 14. Rfd1
Qxe3 15. Bxe3 Rxd1+ 16. Rxd1 Rd8 17. Rxd8+ Bxd8 18. Nd2 Ne5 19. f4 Bd3 20. Kf2
Bxe2 21. Kxe2 Ng4 22. Bg1 f5 23. Nc4 Bc7 24. g3 Kf7 25. Kd3 e5 26. h3 e4+ 27.
Kd4 Nf6 28. Kc5 Nd7+ 29. Kd5 Nf6+ 30. Kc5 1/2-1/2

[Event "33. Seebach-Open"]
[Site "Grossenseebach"]
[Date "2024.06.02"]
[Round "7.41"]
[White "Tokgoez, Furkan"]
[Black "Zyadah, Mahmoud"]
[Result "1/2-1/2"]
[WhiteElo "1759"]
[BlackElo "1581"]
[PlyCount "70"]
[EventDate "2024.??.??"]
[WhiteTeam "SC Noris-Tarrasch Nürnberg 1873"]
[BlackTeam "SF Riedlingen"]

1. e4 d5 2. exd5 Qxd5 3. Nc3 Qd8 4. Bc4 e6 5. Nf3 Nf6 6. d4 c6 7. O-O Be7 8.
Bf4 Nd5 9. Nxd5 exd5 10. Bd3 Bg4 11. h3 Bh5 12. g4 Bg6 13. Ne5 Bxd3 14. Qxd3
Nd7 15. Rae1 O-O 16. Re2 Nxe5 17. Bxe5 Qd7 18. Rfe1 Bg5 19. Qg3 Rfe8 20. f4 Be7
21. g5 Bd6 22. h4 Bxe5 23. fxe5 Re6 24. Rf2 h6 25. Rf5 h5 26. Ref1 Rf8 27. R1f4
g6 28. Rf6 Qe7 29. Qd3 Kg7 30. Qf3 Kg8 31. Qh3 Kg7 32. Rxe6 Qxe6 33. Qxe6 fxe6
34. Rxf8 Kxf8 35. b4 b5 1/2-1/2

[Event "33. Seebach-Open"]
[Site "Grossenseebach"]
[Date "2024.06.02"]
[Round "7.42"]
[White "Nesmjanowitsch, Julia"]
[Black "Schaefer, Ann-Kathrin"]
[Result "0-1"]
[WhiteElo "1580"]
[BlackElo "1744"]
[PlyCount "45"]
[EventDate "2024.??.??"]
[WhiteTeam "SC JÄKLECHEMIE Talente Franken e"]
[BlackTeam "SC JÄKLECHEMIE Talente Franken e"]

1. e4 c5 2. Nf3 d6 3. d4 cxd4 4. Nxd4 Nf6 5. Nc3 g6 6. Be2 Bg7 7. Be3 O-O 8.
Qd2 Nc6 9. h4 h5 10. Nxc6 bxc6 11. Bh6 Rb8 12. Bxg7 Kxg7 13. b3 Qa5 14. O-O-O
Qa3+ 15. Kb1 a5 16. Qd4 Rb4 17. Qe3 Be6 18. e5 dxe5 19. Qxe5 a4 20. Qa5 Rfb8
21. Ka1 Bxb3 22. cxb3 Rxb3 23. Nxa4 0-1

[Event "33. Seebach-Open"]
[Site "Grossenseebach"]
[Date "2024.06.02"]
[Round "7.43"]
[White "Sammer, Fabian"]
[Black "Ratushnyi, Artur"]
[Result "1/2-1/2"]
[WhiteElo "1672"]
[BlackElo "1446"]
[PlyCount "68"]
[EventDate "2024.??.??"]
[WhiteTeam "SC JÄKLECHEMIE Talente Franken e"]
[BlackTeam "SC Schwarz-Weiß Nürnberg Süd e.V"]

1. Nf3 Nf6 2. g3 d5 3. Bg2 c5 4. d4 e6 5. O-O Nc6 6. c4 dxc4 7. Qa4 Qb6 8. Na3
Qb4 9. Qxb4 Nxb4 10. Nxc4 Nc2 11. Rb1 Nxd4 12. Nxd4 cxd4 13. Rd1 Bc5 14. b4 Bb6
15. Nd6+ Ke7 16. Bf4 Nd5 17. Nxc8+ Raxc8 18. Bxd5 exd5 19. Be5 f6 20. Bxd4 Bxd4
21. Rxd4 Rc2 22. Rxd5 Rxe2 23. Rbd1 Rxa2 24. Re1+ Kf7 25. Rd7+ Kg6 26. Ree7 Rg8
27. Rxb7 a5 28. Ra7 a4 29. b5 Ra1+ 30. Kg2 a3 31. b6 a2 32. b7 Rb8 33. Ra8 Rb1
34. Rxa2 R1xb7 1/2-1/2

[Event "33. Seebach-Open"]
[Site "Grossenseebach"]
[Date "2024.06.02"]
[Round "7.45"]
[White "Ratushna, Olha"]
[Black "Fridlin, Daniel"]
[Result "1-0"]
[WhiteElo "1445"]
[BlackElo "1741"]
[PlyCount "79"]
[EventDate "2024.??.??"]
[WhiteTeam "SC Schwarz-Weiß Nürnberg Süd e.V"]
[BlackTeam "SC Noris-Tarrasch Nürnberg 1873"]

1. e4 c5 2. Nf3 d6 3. h3 Nf6 4. Bd3 g6 5. c3 Bg7 6. Bc2 O-O 7. O-O b5 8. d4
cxd4 9. cxd4 Bb7 10. Re1 Nc6 11. a3 a6 12. Nbd2 Rc8 13. b4 Qc7 14. Bb3 Nh5 15.
Bb2 Qb6 16. Nf1 Rfd8 17. Ne3 a5 18. Qd2 axb4 19. Nd5 Qa7 20. axb4 Ba6 21. Red1
e6 22. Nc3 Qb7 23. Ne2 Nf6 24. Ng3 Qb6 25. Qe1 Bb7 26. Rac1 Bh6 27. Rc2 Rc7 28.
d5 Ne5 29. Nxe5 dxe5 30. Rxc7 Qxc7 31. dxe6 fxe6 32. Bxe6+ Kg7 33. Rxd8 Qxd8
34. Bxe5 Qe7 35. Bxf6+ Qxf6 36. Bd5 Bxd5 37. exd5 Qd6 38. Qe4 Bf4 39. Ne2 Bd2
40. Qd4+ 1-0

[Event "33. Seebach-Open"]
[Site "Grossenseebach"]
[Date "2024.06.02"]
[Round "7.47"]
[White "Walter, Manfred"]
[Black "Averin, Alex"]
[Result "0-1"]
[WhiteElo "1685"]
[BlackElo "1288"]
[PlyCount "32"]
[EventDate "2024.??.??"]
[WhiteTeam "SV Lauf a.d.P."]
[BlackTeam "SC Schwarz-Weiß Nürnberg Süd e.V"]

1. Nf3 d5 2. g3 Nc6 3. d4 Bf5 4. Bg2 g6 5. b3 Bg7 6. Bb2 Nf6 7. c4 Qd7 8. Nc3
dxc4 9. bxc4 Rd8 10. Qa4 Nxd4 11. Qxd7+ Rxd7 12. Nxd4 Rxd4 13. Bxb7 Rxc4 14.
Ba6 Rb4 15. Ba3 Rb6 16. Nb5 c6 0-1

[Event "33. Seebach-Open"]
[Site "Grossenseebach"]
[Date "2024.06.02"]
[Round "7.48"]
[White "Kreiner, Daniel"]
[Black "Gebhardt, Andreas"]
[Result "1-0"]
[WhiteElo "1615"]
[BlackElo "1253"]
[PlyCount "55"]
[EventDate "2024.??.??"]
[WhiteTeam "FSV Großenseebach"]
[BlackTeam "TSV Kirchehrenbach"]

1. e4 c5 2. Nf3 e6 3. d4 cxd4 4. Nxd4 Nf6 5. Nc3 a6 6. a4 Bb4 7. Bd2 Bxc3 8.
Bxc3 Nxe4 9. Qg4 Nxc3 10. Qxg7 Rf8 11. bxc3 Qc7 12. Qg3 d6 13. Qd3 e5 14. Nb3
Nc6 15. O-O-O Ke7 16. Qxh7 Be6 17. Qh4+ f6 18. Bc4 Nb4 19. Bxe6 Qxc3 20. Qc4
Rfc8 21. Qxc3 Na2+ 22. Kb2 Rxc3 23. Bf5 b5 24. axb5 axb5 25. Ra1 b4 26. Rxa2
Rxa2+ 27. Kxa2 d5 28. Kb2 1-0

[Event "33. Seebach-Open"]
[Site "Grossenseebach"]
[Date "2024.06.02"]
[Round "7.49"]
[White "Held, Philip"]
[Black "Strobl, Thomas"]
[Result "1/2-1/2"]
[WhiteElo "1317"]
[BlackElo "1585"]
[PlyCount "33"]
[EventDate "2024.??.??"]
[WhiteTeam "SC JÄKLECHEMIE Talente Franken e"]
[BlackTeam "TSV 1860 Weißenburg e.V."]

1. e4 d5 2. exd5 Qxd5 3. Nc3 Qd8 4. d4 Nf6 5. Nf3 Bf5 6. Bc4 e6 7. Nh4 Bg4 8.
Qd3 Bb4 9. Bg5 Nc6 10. Bb5 O-O 11. Bxc6 bxc6 12. O-O h6 13. Bd2 Bd6 14. h3 Bh5
15. Ne4 Nd5 16. Nxd6 cxd6 17. Qg3 1/2-1/2

[Event "33. Seebach-Open"]
[Site "Grossenseebach"]
[Date "2024.06.02"]
[Round "7.50"]
[White "Stroessner, Pascal"]
[Black "Dennerlein, Marius"]
[Result "1/2-1/2"]
[WhiteElo "1262"]
[BlackElo "1578"]
[PlyCount "75"]
[EventDate "2024.??.??"]
[WhiteTeam "FSV Großenseebach"]
[BlackTeam "SC Wassertrüdingen"]

1. e4 c5 2. Nc3 Nc6 3. Bc4 Nf6 4. d3 g6 5. Nf3 Bg7 6. O-O O-O 7. Bf4 d6 8. h3
a6 9. a3 b5 10. Bb3 Bb7 11. Re1 e5 12. Bg5 h6 13. Bxf6 Bxf6 14. Qd2 Bg7 15. Nd5
Nd4 16. Nxd4 exd4 17. Qf4 g5 18. Qf5 Bc8 19. Qf3 Be6 20. Rab1 Rc8 21. Qe2 Re8
22. c4 dxc3 23. bxc3 Bxd5 24. Bxd5 Bxc3 25. Qh5 Qf6 26. Re3 Rc7 27. Rf3 Qg7 28.
h4 Bf6 29. hxg5 Bxg5 30. Rf5 Re5 31. Rf3 Bd2 32. Qh4 Rg5 33. g3 Bc3 34. Qf4 Be5
35. Qh4 Bf6 36. Qf4 Be5 37. Qh4 Kf8 38. Qh3 1/2-1/2

[Event "33. Seebach-Open"]
[Site "Grossenseebach"]
[Date "2024.06.02"]
[Round "7.51"]
[White "Barsov, Mikhail"]
[Black "Yanpala, Oguz Faruk"]
[Result "1/2-1/2"]
[WhiteElo "1576"]
[BlackElo "1227"]
[PlyCount "170"]
[EventDate "2024.??.??"]
[WhiteTeam "SK Gräfelfing"]
[BlackTeam "SC JÄKLECHEMIE Talente Franken e"]

1. c4 e5 2. Nc3 Nf6 3. g3 d5 4. cxd5 Nxd5 5. Bg2 Be6 6. Nf3 Nc6 7. O-O Be7 8.
d4 Nxc3 9. bxc3 exd4 10. cxd4 Bf6 11. Bb2 Bd5 12. e4 Bc4 13. Re1 O-O 14. Nd2
Ba6 15. Nb3 Be7 16. a3 Re8 17. d5 Nb8 18. Qd4 f6 19. Nc5 Bxc5 20. Qxc5 Nd7 21.
Qc3 Ne5 22. Rad1 Qe7 23. Bh3 b6 24. Be6+ Kh8 25. f4 Nc4 26. Bc1 Rad8 27. Qf3
Bc8 28. Bxc8 Rxc8 29. Qd3 Qc5+ 30. Qd4 Qb5 31. e5 fxe5 32. fxe5 c6 33. Re4 cxd5
34. Qxd5 Qxd5 35. Rxd5 Nd6 36. Re1 Nf7 37. e6 h6 38. Bd2 Nd8 39. e7 Nc6 40. Rd7
Kg8 41. Bf4 Kf7 42. Bd6 Ra8 43. Rc7 Rac8 44. Rxc8 Rxc8 45. Rf1+ Ke6 46. Re1+
Kf7 47. Kg2 Re8 48. Rf1+ Ke6 49. Rf8 Kd7 50. Rxe8 Kxe8 51. Kf3 Nxe7 52. Be5 Kf7
53. Ke4 g6 54. Bf4 h5 55. Bb8 Nc6 56. Bd6 Ke6 57. Bf4 a6 58. h3 b5 59. g4 hxg4
60. hxg4 a5 61. Bd2 b4 62. axb4 Nxb4 63. Kd4 Nc6+ 64. Kc5 Ne5 65. Bxa5 Nxg4 66.
Kd4 Kf5 67. Bd2 Nf2 68. Ke3 Ne4 69. Be1 g5 70. Kf3 g4+ 71. Kg2 Kf4 72. Ba5 Kg5
73. Bd8+ Kf5 74. Bc7 Nf6 75. Bb8 Nh5 76. Bc7 Nf4+ 77. Bxf4 Kxf4 78. Kf2 g3+ 79.
Kg2 Kg4 80. Kg1 Kh3 81. Kh1 Kg4 82. Kg2 Kf4 83. Kg1 Kf3 84. Kf1 g2+ 85. Kg1 Kg3
1/2-1/2

[Event "33. Seebach-Open"]
[Site "Grossenseebach"]
[Date "2024.06.02"]
[Round "7.52"]
[White "Kern, Daniel"]
[Black "Kozic, David"]
[Result "0-1"]
[WhiteElo "1200"]
[BlackElo "1565"]
[PlyCount "32"]
[EventDate "2024.??.??"]
[WhiteTeam "SC Höchstadt/Aisch"]
[BlackTeam "SV Lauf a.d.P."]

1. e4 e5 2. f4 exf4 3. Nf3 d5 4. exd5 Nf6 5. Nc3 Nxd5 6. Nxd5 Qxd5 7. d4 Nc6 8.
Bxf4 Bd6 9. Bxd6 Qxd6 10. c3 O-O 11. Be2 Ne7 12. O-O Nf5 13. Qd3 Qh6 14. Ne5
Qg5 15. Rf2 Ne3 16. Rf3 Qxg2# 0-1

[Event "33. Seebach-Open"]
[Site "Grossenseebach"]
[Date "2024.06.02"]
[Round "7.59"]
[White "Heimann, Jonas"]
[Black "Hoffmann, Edgar"]
[Result "1/2-1/2"]
[WhiteElo "1598"]
[BlackElo "1277"]
[PlyCount "38"]
[EventDate "2024.??.??"]
[WhiteTeam "SC Forchheim e.V."]
[BlackTeam "SC Forchheim e.V."]

1. e4 Nf6 2. e5 Nd5 3. c4 Nf4 4. d4 Ne6 5. Be3 c6 6. Nf3 g6 7. Nc3 d6 8. exd6
Qxd6 9. d5 Ng7 10. c5 Qc7 11. Qd2 Nf5 12. O-O-O Bg7 13. dxc6 bxc6 14. Bf4 Qd7
15. Bc4 Qxd2+ 16. Rxd2 O-O 17. Be5 Bh6 18. Ne4 Bxd2+ 19. Kxd2 a5 1/2-1/2

[Event "33. Seebach-Open"]
[Site "Grossenseebach"]
[Date "2024.06.02"]
[Round "7.60"]
[White "Rebhann, Leo"]
[Black "Zaiser, Dion"]
[Result "1-0"]
[WhiteElo "1441"]
[BlackElo "1307"]
[PlyCount "67"]
[EventDate "2024.??.??"]
[WhiteTeam "BSG Wöhrlhaus Erlangen"]
[BlackTeam "SG Büchenbach/Roth e.V."]

1. d4 Nf6 2. e3 d5 3. Nf3 c5 4. b3 e6 5. Bb2 Bd7 6. Be2 Qb6 7. O-O Ne4 8. a4
Nc6 9. c3 c4 10. b4 a6 11. Qc2 Qc7 12. Nbd2 Nxd2 13. Qxd2 Be7 14. b5 Na5 15.
Bd1 O-O 16. bxa6 bxa6 17. Ba3 Bxa3 18. Rxa3 Rab8 19. Ra2 Rb7 20. Bc2 Rfb8 21.
h4 Rb2 22. Rxb2 Rxb2 23. Bxh7+ Kxh7 24. Qxb2 Nb3 25. Qa3 Qc6 26. Ne5 Qxa4 27.
Qxa4 Bxa4 28. Nxf7 Kg6 29. Ne5+ Kf6 30. g4 Nd2 31. Ra1 Bb3 32. Rxa6 Nb1 33. Ra7
Nxc3 34. Rf7# 1-0

[Event "33. Seebach-Open"]
[Site "Grossenseebach"]
[Date "2024.06.02"]
[Round "7.61"]
[White "Scheitler, Wolfgang"]
[Black "Bauenschmidt, Lars"]
[Result "1/2-1/2"]
[WhiteElo "1424"]
[BlackElo "1256"]
[PlyCount "120"]
[EventDate "2024.??.??"]
[WhiteTeam "SC Schwarz-Weiß Nürnberg Süd e.V"]
[BlackTeam "FSV Großenseebach"]

1. c4 Nc6 2. Nf3 Nf6 3. g3 g6 4. Bg2 Bg7 5. Nc3 d6 6. O-O Be6 7. d3 Qd7 8. a3
Bh3 9. Rb1 Bxg2 10. Kxg2 a6 11. b4 Na7 12. Bb2 O-O 13. Nd5 Nxd5 14. Bxg7 Kxg7
15. cxd5 Nb5 16. Qb3 c5 17. dxc6 Qxc6 18. Rbc1 Qb6 19. a4 Nd4 20. Nxd4 Qxd4 21.
Rc4 Qd5+ 22. e4 Qe6 23. Qc3+ f6 24. Rc7 Rfc8 25. Rc1 Rxc7 26. Qxc7 b5 27. axb5
axb5 28. Qb7 Ra3 29. Rc7 Kf7 30. Qxb5 h5 31. h3 Rb3 32. Rb7 Qe5 33. Qc4+ Qe6
34. Qb5 Qe5 35. Rb8 Qxb5 36. Rxb5 Rxd3 37. Rb8 Rd4 38. Kf3 g5 39. Ke3 Rd1 40.
b5 Rh1 41. b6 Rb1 42. Kd4 Ke6 43. f4 gxf4 44. gxf4 Rb4+ 45. Kc3 Rb1 46. b7 Kd7
47. Kc4 Kc7 48. Re8 Kxb7 49. Rxe7+ Kc6 50. Rh7 f5 51. exf5 Rf1 52. Rxh5 Rxf4+
53. Kd3 Kd7 54. h4 Ke7 55. Ke3 Ra4 56. Rh6 d5 57. h5 Kf7 58. Rd6 Rh4 59. h6 Kg8
60. f6 Kf7 1/2-1/2

[Event "33. Seebach-Open"]
[Site "Grossenseebach"]
[Date "2024.06.02"]
[Round "7.62"]
[White "Walter, Gabriele"]
[Black "Mao, Leo"]
[Result "0-1"]
[WhiteElo "1384"]
[BlackElo "1174"]
[PlyCount "142"]
[EventDate "2024.??.??"]
[WhiteTeam "SV Lauf a.d.P."]
[BlackTeam "SC Erlangen 48/88"]

1. c4 e5 2. g3 f5 3. e3 Nf6 4. Bg2 Nc6 5. Ne2 g6 6. O-O Bg7 7. Nbc3 d6 8. d4 e4
9. a3 Qd7 10. b4 b6 11. Bb2 Bb7 12. Qc2 Qe7 13. Nf4 Qf7 14. Rae1 Qxc4 15. Rc1
Kd7 16. Qa4 Kd8 17. Ncd5 Qa6 18. Qxa6 Bxa6 19. Rfd1 Nxd5 20. Rxc6 Bb7 21. Rc2
Nxf4 22. gxf4 d5 23. Rdc1 Rc8 24. Bf1 Kd7 25. a4 Bf8 26. b5 Bd6 27. Rc3 Rhg8
28. Bh3 Ke6 29. Kf1 g5 30. Ba3 gxf4 31. Bxd6 Kxd6 32. Bxf5 Rcf8 33. Bxh7 Rg7
34. Bxe4 dxe4 35. exf4 Rxf4 36. Rh3 Rgf7 37. Rc2 Rf3 38. Rg3 Rxg3 39. hxg3 e3
40. g4 Rxf2+ 41. Rxf2 exf2 42. Kxf2 Kd5 43. Ke3 Kc4 44. g5 Bd5 45. Kf4 Kxd4 46.
Kf5 Be4+ 47. Ke6 c6 48. bxc6 Bxc6 49. Kd6 Bxa4 50. g6 Bb3 51. Kc6 a5 52. Kb5
Kc3 53. g7 a4 54. g8=Q Bxg8 55. Kxa4 Kc4 56. Ka3 b5 57. Kb2 Kb4 58. Kb1 Ka3 59.
Ka1 b4 60. Kb1 b3 61. Kc1 Ka2 62. Kd2 b2 63. Ke3 b1=Q 64. Kd4 Kb3 65. Kc5 Qd3
66. Kb6 Qc4 67. Kb7 Kb4 68. Kb6 Qc5+ 69. Kb7 Kb5 70. Kb8 Kb6 71. Ka8 Qc8# 0-1

[Event "33. Seebach-Open"]
[Site "Grossenseebach"]
[Date "2024.06.02"]
[Round "7.63"]
[White "Franke, Martin"]
[Black "Schuessler, Simon"]
[Result "1/2-1/2"]
[WhiteElo "1297"]
[BlackElo "1374"]
[PlyCount "56"]
[EventDate "2024.??.??"]
[WhiteTeam "FSV Großenseebach"]
[BlackTeam "FSV Großenseebach"]

1. e4 e5 2. Nf3 Nc6 3. d4 exd4 4. Nxd4 Bc5 5. Nxc6 bxc6 6. Nc3 d6 7. Bc4 Qe7 8.
O-O Be6 9. Bxe6 Qxe6 10. Be3 Bxe3 11. fxe3 Ne7 12. Qf3 O-O 13. Rad1 Ng6 14. Qf5
Qxf5 15. Rxf5 Rfe8 16. Rdf1 f6 17. R5f2 Rab8 18. b3 Re5 19. Rf5 Rxf5 20. exf5
Ne5 21. Ne2 Re8 22. Nd4 a5 23. Nf3 Nxf3+ 24. Rxf3 Re5 25. Kf2 Kf7 26. Ke2 Re4
27. Rf4 Rxf4 28. exf4 Ke7 1/2-1/2

[Event "33. Seebach-Open"]
[Site "Grossenseebach"]
[Date "2024.06.02"]
[Round "7.64"]
[White "Held, Werner"]
[Black "Denhardt, Daniel"]
[Result "0-1"]
[WhiteElo "1111"]
[BlackElo "1315"]
[PlyCount "24"]
[EventDate "2024.??.??"]
[WhiteTeam "Spvg Zabo-Eintracht Nürnberg e.V"]
[BlackTeam "FSV Großenseebach"]

1. h4 d5 2. a4 e5 3. b3 Nc6 4. g3 Nf6 5. Bg2 Bc5 6. e3 O-O 7. c3 a5 8. Nf3 Bg4
9. d3 e4 10. dxe4 dxe4 11. Qxd8 Raxd8 12. Ng5 Rd1# 0-1

[Event "33. Seebach-Open"]
[Site "Grossenseebach"]
[Date "2024.06.02"]
[Round "7.65"]
[White "Hafes, Hassan"]
[Black "Bajaj, Pranit"]
[Result "1-0"]
[WhiteElo "1485"]
[BlackElo "1097"]
[PlyCount "42"]
[EventDate "2024.??.??"]
[WhiteTeam "SF Riedlingen"]
[BlackTeam "SC Erlangen 48/88"]

1. e4 e5 2. Nf3 Nc6 3. Bc4 Bc5 4. c3 Nf6 5. d4 exd4 6. e5 Ng4 7. cxd4 Bb4+ 8.
Nc3 O-O 9. h3 Ngxe5 10. dxe5 Re8 11. O-O Nxe5 12. Nxe5 Rxe5 13. Qb3 Qe7 14. Nd5
Qe8 15. Nxb4 d6 16. Nd5 Qd7 17. Bf4 Re8 18. Rfe1 Rf8 19. Re7 Qd8 20. Rae1 Bd7
21. Qg3 Be6 1-0

[Event "33. Seebach-Open"]
[Site "Grossenseebach"]
[Date "2024.06.02"]
[Round "7.66"]
[White "Barnowski, Roman"]
[Black "Hummel, Heike"]
[Result "1-0"]
[WhiteElo "1566"]
[BlackElo "1170"]
[PlyCount "71"]
[EventDate "2024.??.??"]
[WhiteTeam "SC Schwarz-Weiß Nürnberg Süd e.V"]
[BlackTeam "SK Rothenburg e.V."]

1. e4 e5 2. Nc3 Nf6 3. f4 Nc6 4. fxe5 Nxe5 5. d4 Nc6 6. e5 Qe7 7. Qe2 Nxd4 8.
exf6 Nxc2+ 9. Kd1 Qxe2+ 10. Bxe2 Nxa1 11. Nb5 Kd8 12. fxg7 Rg8 13. gxf8=Q+ Rxf8
14. h4 a6 15. Nc3 d6 16. Bd3 Bg4+ 17. Nf3 f5 18. Bg5+ Kd7 19. Kd2 b5 20. Rxa1
c6 21. Re1 Rf7 22. Nh2 h5 23. Nxg4 fxg4 24. g3 c5 25. Bg6 Rf3 26. Re7+ Kc8 27.
Re8+ Kb7 28. Be4+ Ka7 29. Rxa8+ Kb6 30. Bxf3 gxf3 31. Ke3 b4 32. Nd5+ Kb5 33.
Nxb4 a5 34. Rb8+ Ka4 35. Nd5 c4 36. Nc3# 1-0

[Event "33. Seebach-Open"]
[Site "Grossenseebach"]
[Date "2024.06.02"]
[Round "7.67"]
[White "Ramayanam, Nithya"]
[Black "Kohler, Alfred"]
[Result "0-1"]
[WhiteElo "1185"]
[BlackElo "1537"]
[PlyCount "138"]
[EventDate "2024.??.??"]
[WhiteTeam "SC Erlangen 48/88"]
[BlackTeam "SK 1911 Herzogenaurach e.V."]

1. e4 e5 2. Nf3 d6 3. h3 Nf6 4. Nc3 b6 5. Bc4 Be7 6. d3 O-O 7. O-O Nc6 8. d4
exd4 9. Nxd4 Nxd4 10. Qxd4 Be6 11. Nd5 Nxd5 12. Bxd5 Rb8 13. Bxe6 fxe6 14. Qe3
Bf6 15. c3 e5 16. Qg3 Kh8 17. f4 exf4 18. Bxf4 Qe7 19. Rae1 Bh4 20. Qe3 Bxe1
21. Rxe1 Rbe8 22. e5 Qf7 23. Bg3 Qxa2 24. e6 Rf6 25. e7 Qa4 26. b3 Qd7 27. Bh4
Rf7 28. Rf1 Rxf1+ 29. Kxf1 h6 30. Qf3 Kg8 31. Qd5+ Kh8 32. Qf3 Qb5+ 33. c4 Qd7
34. Qf8+ Kh7 35. Kg1 c6 36. Qf7 a5 37. Bf6 Rg8 38. Qf8 Qe8 39. Qxe8 Rxe8 40.
Bh4 g5 41. Bg3 d5 42. Bc7 b5 43. Bxa5 d4 44. cxb5 cxb5 45. Bd2 Rxe7 46. Kf1 Kg6
47. Bb4 Re6 48. Be1 Kf5 49. Bg3 Re3 50. Bf2 Rxb3 51. Bxd4 Rd3 52. Bc5 Ke4 53.
Ke2 h5 54. Kf2 g4 55. hxg4 hxg4 56. g3 Rd2+ 57. Kg1 Kd3 58. Bb4 Rc2 59. Kf1 Kc4
60. Bd6 b4 61. Bxb4 Kxb4 62. Ke1 Kc4 63. Kf1 Kd4 64. Kg1 Ke3 65. Kf1 Rc7 66.
Kg2 Rc2+ 67. Kg1 Kf3 68. Kh1 Kxg3 69. Kg1 Rc1# 0-1